Loga klubów Ligi Konferencji Europy 2025/26 - Statystyki

Ogólne statystyki
  • Ten quiz został rozwiązany 78 razy
  • Średni wynik to 21 z 36
Statystyki odpowiedzi
Obrazkowy Odpowiedź % Poprawnych
AZ Alkmaar
98%
AEK Ateny
94%
Fiorentina
91%
Jagiellonia Białystok
91%
Lech Poznań
91%
Legia Warszawa
91%
Crystal Palace
88%
Dynamo Kijów
88%
Raków Częstochowa
88%
Rayo Vallecano
86%
Mainz
83%
Sparta Praga
77%
Omonia Nikozja
75%
Rapid Wiedeń
75%
Slovan Bratysława
73%
Aberdeen
67%
Strasbourg
66%
AEK Larnaka
61%
Szachtar Donieck
61%
Breidablik
52%
HNK Rijeka
48%
Shamrock Rovers
48%
Noah
44%
Sigma Ołomuniec
44%
KuPS
42%
Samsunspor
42%
Lincoln Red Imps
41%
NK Celje
39%
Drita
38%
BK Hacken
31%
Lausanne-Sport
28%
Universitatea Craiova
28%
Hamrun Spartans
22%
Zrinjski Mostar
20%
Shelbourne
17%
Shkendija Tetowo
17%
Nie znaleziono quizów pasujących do podanych kryteriów
Rozkład punktacji
Procent ludzi z każdym wynikiem
Percentyl według liczby udzielonych odpowiedzi
Twoja historia wyników
Nie rozwiązałeś tego quizu